| 000 | 01025cam a2200277 4500 | ||
|---|---|---|---|
| 008 | 000000n2000 000 0 eng u | ||
| 020 | _a185112375X | ||
| 035 | _a(Sirsi) u108345 | ||
| 050 | _a346.410438 | ||
| 110 |
_aUnited Kingdom _bDepartment of the Environment, Transport and the Regions _93507 |
||
| 245 | _aMonitoring industry initiatives to improve the homebuying and selling process | ||
| 260 |
_aLondon _bDETR _c2000 |
||
| 300 | _a62p. ; 30cm. | ||
| 350 | _a15.00 | ||
| 520 | _aAn assessment of a number of industry-led initiatives designed to speed up the process of buying and selling a home. | ||
| 650 | _aSELLERS PACKS | ||
| 650 | _aPROPERTY-RESIDENTIAL PROPERTY-ACQUISITION AND DISPOSAL OF RESIDENTIAL PROPERTY | ||
| 650 | _aVENDORS SURVEYS | ||
| 650 | _aGAZUMPING | ||
| 650 | _aPROPERTY-RESIDENTIAL PROPERTY-ACQUISITION AND DISPOSAL OF RESIDENTIAL PROPERTY | ||
| 650 | _aCONVEYANCING | ||
| 650 | _aESTATE AGENCY | ||
| 650 | _aSELLERS INFORMATION PACKS | ||
| 690 | _aHOUSING | ||
| 942 | _n0 | ||
| 999 |
_c100778 _d100778 |
||